| 000 | 00577nam a2200181Ia 4500 | ||
|---|---|---|---|
| 008 | 100920s9999 xx 000 0 und d | ||
| 082 |
_b82380 _a24 न 02 |
||
| 100 | _aकर्णिक मधुमंगेश. | ||
| 245 | _aकिरण पाणी. | ||
| 260 |
_bराजकिरण प्रकाशन, उरुण-इस्लामपूर. _c2002 |
||
| 300 |
_a220 _bसाधी |
||
| 365 | _b210 | ||
| 520 | _aसायो. | ||
| 630 | _aकिरण पाणी. | ||
| 650 | _aसायो. | ||
| 730 | _aकिरण पाणी. | ||
| 942 | _cBOOK | ||
| 999 |
_c723088 _d723085 |
||